000
00325nam a22001457a 4500
005
20180315151959.0
008
180315b xxu||||| |||| 00| 0 eng d
020
_a
978-81-203-5220-9
041
_a
eng
082
_a
658.477
100
_a
SULPHEY, M.M.
_9
4192
245
_a
DISASTER MANAGEMENT
300
_a
330p
942
_c
BK
999
_c
5684
_d
5682